Métodos aprobados en conservación de suelos /

Guardado en:
Autor Principal: Foster, Albert B
Formato: Libro
Publicado: México : Trillas, 1977
Materias:
Etiquetas: Agregar Etiqueta
Sin Etiquetas, Sea el primero en etiquetar este registro!
LEADER 00495nam a22001695a 4500
001 CEM.cems015874
008 130507s1977##################000#0#####d
005 20210825183702.0
003 CEMS
245 1 0 |a Métodos aprobados en conservación de suelos /  |c Albert B Foster, 
260 |a México :  |b Trillas,  |c 1977 
300 |a 411 p. 
100 1 |a Foster, Albert B 
082 0 4 |a 631.45 
653 |a Agricultura 
653 |a Suelos-conservacion 
859 |a CEMS  |b BIB. CEMS - Agricultura  |h 631.45  |i F811  |p A8604.80  |t Ej.1